Top 10 najdłuższych ulic w Kielcach - Statystyki

Ogólne statystyki
  • Ten quiz został rozwiązany 18 razy
    14 od ostatniego zresetowania
  • Średni wynik to 6 z 10
Statystyki odpowiedzi
Długość Ulica % Poprawnych
ok. 6,2 km ul. Warszawska
100%
ok. 7,5 km ul. Krakowska
80%
ok. 5,5 km ul. Łódzka
80%
ok. 7,0 km al. Solidarności
70%
ok. 6,5 km ul. ks. Piotra Ściegiennego
70%
ok. 5,1 km ul. Tarnowska
70%
ok. 6,8 km ul. Radomska
60%
ok. 5,9 km ul. Świętokrzyska
40%
ok. 4,3 km ul. Wojska Polskiego
40%
ok. 4,8 km ul. Jesionowa
30%
Nie znaleziono quizów pasujących do podanych kryteriów
Rozkład punktacji
Procent ludzi z każdym wynikiem
Percentyl według liczby udzielonych odpowiedzi
Twoja historia wyników
Nie rozwiązałeś tego quizu od ostatniego zresetowania